Biblioteca

Misión en la universidad latinoamericana : (Registro nro. 52277)

Detalles MARC
000 -LÍDER
Campo fijo de descripción fija 01107aab a2200193 i 4500
001 - NÚMERO DE CONTROL
Campo de control 768714001
003 - IDENTIFICADOR DEL NÚMERO DE CONTROL
Campo de control CO-MdFUSB
005 - FECHA Y HORA DE LA ULTIMA TRANSACCIÓN
control field 20240618062717.0
008 - ELEMENTOS DE LONGITUD FIJA -- INFORMACIÓN GENERAL
Campo fijo de descripción fija -- Información general 221108s1998 ag ||||| |||| 00| 0 spa d
040 ## - FUENTE DE CATALOGACIÓN
Idioma de catalogación spa
Agencia que realiza la transcripción CO-MdFUSB
Agencia que realiza la modificación CO-MdFUSB
041 ## - CÓDIGO DE IDIOMA
Código de idioma para texto/pista de sonido o título separado spa
100 1# - ASIENTO PRINCIPAL--NOMBRE PERSONAL
Nombre personal Brepohl, Dieter
Término relacionador autor
245 10 - TÍTULO
Título Misión en la universidad latinoamericana :
Subtitulo 40 Años de la Comunidad Internacional de Estudiantes Evangélicos (CIEE)
Mención de responsabilidad / Dieter Brepohl
300 ## - DESCRIPCIÓN FÍSICA
Extensión Volumen 17, número 1 (enero - marzo, 1998), páginas: 6 - 10
Dimensiones ; 27 cm
520 ## - NOTA DE RESUMEN, ETC.
Nota de sumario, etc. La universidad ha sido desde sus comienzos foco de vanguardia en la sociedad. También, muchos de los movimientos de renovación cristiana tuvieron su inicio en la universidad e influyeron posteriormente en la iglesia y en toda la sociedad.<br/>Este será el tiempo de un nuevo y gran avance en la obra estudiantil, para que la universidad latinoamericana escuche la voz de Dios y adore a Jesucristo.
650 #0 - ASIENTO SECUNDARIO DE MATERIA - TERMINO TEMÁTICO
Término temático o nombre geográfico como elemento de entrada Misiones
9 (RLIN) 154
773 0# - ASIENTO DE ITEM FUENTE
Título Iglesia y Misión
Biblionumber 49402
Itemnumber 59635
Parte(s) relacionada(s) / Volumen., número. (mes año), páginas Volumen 17, número 1 (enero - marzo, 1998), páginas: 6-10
Enumeración y primera página Páginas: 6
942 ## - TIPO DE MATERIAL (KOHA)
Tipo de Item KOHA Artículos de Revista

No hay ítems disponibles.

Biblioteca FUSBC | Teléfono: (57+4) 349 88 10 Ext. 141| WhatsApp (+57) 3005338115 
E-mail: biblioteca@unisbc.edu.co | Calle 76 87-14 Robledo Palenque, Medellín, Colombia

Con tecnología Koha